00285nam a2200121Ia 4500008004100000041000900041082001700050100002600067245001800093260003600111300000800147650000800155230718s9999 xx 000 0 und d aEng. a34603bKHO-L aKhokhor, Munir Ahmed  0aLaw of tests  aPakistanbIrfan law book c2004 a447 aLaw